000 00331nam a2200133Ia 4500
008 240624s9999 xx 000 0 und d
041 _aeng
082 _a954. VAR
100 _aHUSAIN SALMA
245 _aEMPEROR S TABLE THE ART OF MUGHAL CUISIN
260 _c2010
_aNew Delhi
_bRoli Books
300 _a144 : p.
365 _cRS
_b25
999 _c17281
_d17281